Le suffrage familial on suffrage universel integral (Record no. 146600)

MARC details
000 -LEADER
campo de control de longitud fija 00669nam a2200193 i 4500
001 - NÚMERO DE CONTROL
campo de control 146600
003 - IDENTIFICADOR DE NÚMERO DE CONTROL
campo de control ES-MaACL
005 - FECHA Y HORA DE LA ÚLTIMA TRANSACCIÓN
campo de control 20230906201612.0
007 - CAMPO FIJO DE DESCRIPCIÓN FÍSICA--INFORMACIÓN GENERAL
campo de control de longitud fija t|
008 - DATOS DE LONGITUD FIJA--INFORMACIÓN GENERAL
campo de control de longitud fija 070912s1933 fr ||||1| fre d
100 1# - ENTRADA PRINCIPAL--NOMBRE DE PERSONA
Nombre de persona Toulemon, André.
9 (RLIN) 111125
245 13 - MENCIÓN DEL TÍTULO
Título Le suffrage familial on suffrage universel integral
Resto del título : le vote des femmes /
Mención de responsabilidad, etc. par André Toulemon ; preface de M. Georges Pernot.
260 ## - PUBLICACIÓN, DISTRIBUCIÓN, ETC.
Lugar de publicación, distribución, etc. Paris :
Nombre del editor, distribuidor, etc. Librairie du Recueil Sirey,
Fecha de publicación, distribución, etc. 1933 (
Fabricante Liége G. Thone)
300 ## - DESCRIPCIÓN FÍSICA
Extensión 240 p. ;
Dimensiones 28 cm.
650 #4 - PUNTO DE ACCESO ADICIONAL DE MATERIA--TÉRMINO DE MATERIA
Término de materia o nombre geográfico como elemento de entrada Sufragio universal.
9 (RLIN) 136893
650 #4 - PUNTO DE ACCESO ADICIONAL DE MATERIA--TÉRMINO DE MATERIA
Término de materia o nombre geográfico como elemento de entrada Mujeres-
Subdivisión general Voto.
9 (RLIN) 151875
700 1# - ENTRADA AGREGADA--NOMBRE PERSONAL
Nombre de persona Pernot, Georges (
Fechas asociadas al nombre 1879-1962)
9 (RLIN) 164309
852 ## - LOCALIZACIÓN
Ubicación ES-MaACL
Número de control de estantería A-2375
Holdings
Estatus retirado Estado de pérdida Estado de daño No para préstamo Biblioteca de origen Biblioteca actual Ubicación en estantería Fecha de adquisición Fuente de adquisición Total de préstamos Signatura topográfica completa Código de barras Visto por última vez Precio de reemplazo Tipo de ítem Koha
        Biblioteca del Ateneo de Madrid Biblioteca del Ateneo de Madrid Sala Pecera Planta 1 17/01/2008     A-2375 1153007 23/02/2023 23/02/2023 Libro impreso